| 000 | 00385nam a22001577a 4500 | ||
|---|---|---|---|
| 005 | 20170811091406.0 | ||
| 008 | 170811b xxu||||| |||| 00| 0 eng d | ||
| 020 | _a9780060652920 | ||
| 040 | _cPK-LaUMT | ||
| 082 |
_aZIAC 230 _bLEW-M |
||
| 100 | _aLewis , C.S. | ||
| 245 |
_aMere Christianity/ _cC.S. Lewis |
||
| 260 |
_aLondon: _bHarper One, _c1952 |
||
| 300 | _a227 p. | ||
| 942 | _cBK | ||
| 999 |
_c96924 _d96924 |
||